Trademarks and Unfair Competition (Record no. 43384)

MARC details
000 -LEADER
fixed length control field 00485nam a22001817a 4500
005 - DATE AND TIME OF LATEST TRANSACTION
control field 20250325120715.0
008 - FIXED-LENGTH DATA ELEMENTS--GENERAL INFORMATION
fixed length control field 250325b |||||||| |||| 00| 0 eng d
020 ## - INTERNATIONAL STANDARD BOOK NUMBER
International Standard Book Number 9781787153721
041 ## - LANGUAGE CODE
Language code of text/sound track or separate title Eng.
082 ## - DEWEY DECIMAL CLASSIFICATION NUMBER
Classification number 346.730 BUR
100 ## - MAIN ENTRY--PERSONAL NAME
Author Burke, Alison
245 ## - TITLE STATEMENT
Title Trademarks and Unfair Competition
260 ## - PUBLICATION, DISTRIBUTION, ETC.
Place Uk
Publisher Kruger Brentt
Publication Year 2025
300 ## - PHYSICAL DESCRIPTION
Extent 389;. P. 25 cm
650 ## - SUBJECT ADDED ENTRY--TOPICAL TERM
Subject Trademarks-Law and Legislation; Competition Unfair
700 ## - ADDED ENTRY--PERSONAL NAME
Co-Author Ortiz, Reynaldo
942 ## - ADDED ENTRY ELEMENTS (KOHA)
Koha item type Books
Holdings
Withdrawn status Lost status Source of classification or shelving scheme Damaged status Not for loan Home library Current library Shelving location Accession Date Vendor Price Bill number Full call number Barcode No Date last seen Discount Bill Date Koha item type Suggested By
    Dewey Decimal Classification     IMTN IMTN Rack 15-A 03/18/2025 Raghav Books Private Limited 9905.70 2374 346.7304 BUR 33675 03/25/2025 33 02/14/2025 Books Dr. Rajnandan Patnaik
Designed & Maintained by: LRC IMT Nagpur Contact: lrc@imtnag.ac.in© 2024. All Rights Reserved.